You're creative : let your creativity bloom
| Main Author: | |
|---|---|
| Format: | Book |
| Published: |
[s.l] :
[s.n.] ,
c1997
|
| Subjects: |
MARC
| LEADER | 00000cam a2200000 7i4500 | ||
|---|---|---|---|
| 001 | 0000006560 | ||
| 005 | 20000209.0 | ||
| 020 | |a 9837203625 | ||
| 040 | |a INS | ||
| 090 | 0 | 0 | |a 153.35 |b YEW |
| 100 | 0 | |a Yew Kam Keong | |
| 245 | 1 | 0 | |a You're creative : |b let your creativity bloom |c Yew Kam Keong |
| 260 | |a [s.l] : |b [s.n.] , |c c1997 | ||
| 650 | 0 | 0 | |a Creative thinking |
| 650 | 0 | 0 | |a Creativity |
| 999 | |a 0000007678 |b BOOK |c Open Shelf |e Default branch | ||